|
|
|
|
| LEADER |
00846nem a22002532a 4500 |
| 001 |
000279149 |
| 003 |
CZ BrMZK |
| 005 |
19980107143423.0 |
| 008 |
980107s1987 xo f slo d |
| 040 |
|
|
|a BOA001
|b cze
|
| 080 |
|
|
|a 912(437.6)(282.243.7):797.11
|2 MRF
|
| 080 |
|
|
|a 799.1
|2 MRF
|
| 080 |
|
|
|a 912(282.243.7):797.11
|2 MRF
|
| 245 |
0 |
0 |
|a Vodácka a rybárska mapa Dunaja
|h [kartografický dokument] /
|c zodpovedný redaktor Milan Ružek
|
| 250 |
|
|
|a 3. vyd.
|
| 255 |
|
|
|a 1:50 000
|
| 260 |
|
|
|a Bratislava :
|b Slovenská kartografia,
|c 1987
|
| 300 |
|
|
|a 2 l. ;
|c 22 x 105 s.
|
| 700 |
1 |
|
|a Ružek, Milan
|7 mzk2008479611
|
| 910 |
|
|
|a BOA001
|b PK-0104.589
|
| 964 |
|
|
|a Dunaj - mapy rybářské
|
| 964 |
|
|
|a Dunaj - mapy vodácké
|
| 990 |
|
|
|a MP
|
| 996 |
7 |
|
|b 3119919400
|c PK-0104.589
|l MZK
|r Sklad / do 1 hodiny
|n 2
|w 000279149
|u 000010
|a 1
|e BOA001
|j MZK50
|s A
|